000
00478nam a2200181Ia 4500
008
090122s9999 xx 000 0 und d
082
_b
12588
100
_a
कदम
_b
जयप्रकाश
_c
-
245
_a
छप्पर
260
_b
मधुराज
_c
2008
300
_a
139
501
_a
दिलीपराज प्रकाशन
600
_a
कदम
630
_a
छप्पर
700
_a
कदम
730
_a
छप्पर
942
_c
BOOK
999
_c
36665
_d
36665